Le Japon en 10 dates - Statistiques

Statistiques générales
  • Ce quiz a été pris 16 fois
  • Le résultat moyen est 5 sur 10
Statistiques - réponses
Indices Réponses % Correct
En quelle année les villes d'Hiroshima et de Nagasaki ont elles été bombardées ? 1945
93%
En quelle année les japonais ont-ils attaqué la base navale de Pearl Harbor ? 1941
87%
En quelle année le premier ministre Shinzo Abe s'est-il fait assassiné ? 2022
67%
En quelle année le Japon a-t-il annexé la Corée ? 1910
53%
En quelle année ont eu lieu les premiers Jeux Olympiques de Tokyo ? 1964
53%
En quelle année Naruhito devient-il le 126ème empereur du Japon ? 2019
53%
En quelle année l'empereur Hirohito est-il décédé ? 1989
47%
En quelle année Edo est-elle devenue Tokyo, à la fin du shoguna Tokugawa ? 1868
33%
En quelle année le Mont Fuji a été grimpé pour la première fois (7ème siècle) ? 663
33%
En quelle année le Yen a-t-il été mis en vigueur au Japon ? 1871
27%
Aucun quiz correspondant
Distribution des résultats
% des personnes avec chaque résultat
Percentile par nombre de réponses
Votre historique - résultats
Vous n’avez pas pris ce quiz